Name the Color (Hard) - Statistics

General Stats
  • This quiz has been taken 21 times
  • The average score is 5 of 14
Answer Stats
Color Answer % Correct
. Turquoise
71%
. Magenta
57%
. Aqua
52%
. Gold
52%
. Salmon
52%
. Teal
52%
.. Indigo
43%
. Crimson
29%
. Azure
24%
. Eggshell
24%
. Lime
19%
. Bronze
14%
. Amber
10%
. Blood Red
5%
No matching quizzes found
Score Distribution
Percent of People with Each Score
Percentile by Number Answered
Your Score History
You have not taken this quiz